| 000 | 01174cam a2200277 4500 | ||
|---|---|---|---|
| 008 | 031013n2003 000 0 eng u | ||
| 020 | _a0406958114 | ||
| 035 | _a(Sirsi) u123901 | ||
| 041 | _aeng | ||
| 050 |
_a614.7 _c18 |
||
| 100 | _aFarthing, Julia | ||
| 245 |
_aPollution prevention and control _bthe new regime |
||
| 260 |
_aLondon _bLexisNexis Butterworths _c2003 |
||
| 300 |
_axxxi, 485p. _c25cm. |
||
| 350 | _a55 | ||
| 520 | _aProvides an introduction and commentary on the Pollution Prevention and Control (England and Wales) Regulations 2000 and the Landfill (England and Wales) Regulations 2002. Both regulations set a new framework for the environmental regulation of most polluting activities in England and Wales. Tables of statutes, statutory instruments, European legislation and cases. | ||
| 650 | _aLANDFILL (ENGLAND AND WALES) REGULATIONS 2002 | ||
| 650 | _aPOLLUTION PREVENTION AND CONTROL REGULATIONS 2000 | ||
| 650 | _aWASTE MANAGEMENT | ||
| 650 | _aENVIRONMENTAL REGULATION | ||
| 650 | _aPOLLUTION CONTROL | ||
| 690 | _aENVIRONMENTAL AND LAND CONSULTANCY | ||
| 700 | _aMarshall, Bridget | ||
| 700 | _aKellett, Peter | ||
| 942 | _n0 | ||
| 999 |
_c103116 _d103116 |
||